000
00495nam a2200181Ia 4500
008
090123s9999 xx 000 0 und d
082
_b
39871
100
_a
नाईक गुरूनाथ
245
_a
सरताज
250
_a
1
260
_b
गीता एजन्सीज
_c
2006
300
_a
160
600
_a
नाईक गुरूनाथ
630
_a
सरताज
700
_a
नाईक गुरूनाथ
730
_a
सरताज
942
_c
BOOK
999
_c
77943
_d
77943